| 000 | 00830cam a2200217 a 4500 | ||
|---|---|---|---|
| 001 | 000019166 | ||
| 005 | 20200929165934.0 | ||
| 008 | 910529r19891787cu af 000 0 spa d | ||
| 040 |
_aDO-SdBNP _bspa _cDLC _dBNPHU |
||
| 082 |
_a590.91 _bP259d |
||
| 100 | 1 |
_aParra, Antonio, _d1954- _941256 |
|
| 245 | 1 | 0 |
_aDescripción de diferentes piezas de historia natural, las más del ramo marítimo, representadas en setenta y cinco láminas / _cAntonio Parra. |
| 260 |
_aLa Habana, Cuba : _bEditorial Academia, _c1989. |
||
| 300 |
_a195 p. : _bil. ; _c19 cm. |
||
| 500 | _aReimpresión. Originalmente publicado: La Habana: Impr. de la Capitanía General de 1787. | ||
| 650 | 4 |
_aHistoria natural _zCuba _941257 |
|
| 650 | 4 |
_aPeces _zCuba _941258 |
|
| 650 | 4 |
_aCrustaceo _zCuba _941259 |
|
| 910 | _aCatalogación derivada / LC | ||
| 049 | _aBNGR | ||
| 999 |
_c18684 _d18684 |
||